Responses for show #7194 - Thursday, December 17, 2015

Contestants

Mark Blankenship, an arts editor and reporter from New York, New York

Claudia Corriere, a church musician and homemaker from Kennesaw, Georgia

Tiombi Prince, an advocation support specialist from East Point, Georgia (whose 2-day cash winnings total $33,100)

Jeopardy! Round responses

BELIZE NAVIDAD
OSCAR NOMINATIONS
TINKERERS
STUPID ANSWERS
AMERICAN HISTORY
POST GAME
(Alex: Each correct response will be a word that you will find in a dictionary, one or two pages after the entry on "game".)
    $200 26
Mary & Joseph

Claudia
    $200 9
Jamie Foxx

Mark
    $200 16
(Gustave) Eiffel

Claudia
    $200 1
the Iguaçu waterfall

Tiombi
    $200 10
Enron

Claudia
    $200 20
a gander

Claudia
    $400 27
Boxing Day

Claudia
    $400 8
Michael Keaton

Claudia
    $400 17
(Samuel) Colt

Claudia
    $400 2
Henry Miller

Claudia
    $400 11
the Mason-Dixon Line

Tiombi
    $400 22
gear (or garb)

Mark
    $600 28
a plantain

Claudia
    $600 7
Laurence Olivier

Mark
    $600 18
(Alexander Graham) Bell

Claudia
    $600 3
Entertainment Weekly

Tiombi
    $600 12
(Claudia: Who is Murrow?)

Meet the Press

ClaudiaMark
    $600 23
(Alex: Right, with less than a minute to go.)

a gamete

Claudia
    $800 29
the Mayan

Tiombi
    $800 5
"Live And Let Die"

Tiombi
    $800 19
masking tape

Mark
    $800 4
the Seven Years' War

Mark
    $800 13
Jamestown

Claudia
    $800 24
a gangplank

Claudia
    $1000 30
(Mark: What is La Paz?)

Belmopan

Mark
Triple Stumper
    $1000 6
The Pride of the Yankees

Mark
    $1,000 21
(Alex: Okay--you can sing about that.)

(Guglielmo) Marconi

Claudia
    $1000 15
(Alex: I guess it's not so stupid after all.)

the "Classical Symphony"

Triple Stumper
    $1000 14
Daniel Boone

Triple Stumper
    $1000 25
the gap

Claudia

Scores at the first commercial break (after clue 15):

Tiombi Claudia Mark
$2,000 $1,200 $3,200

Scores at the end of the Jeopardy! Round:

Tiombi Claudia Mark
$2,800 $7,200 $3,400

Double Jeopardy! Round responses

LITERARY DIRECTIONS
THE AGE OF MANN
PALINDROMES
"I" TUNES
GOOD CAUSES
THAT DARN LITTLE ICE AGE
    $400 7
East of Eden

Claudia
    $400 17
Thomas Mann

Mark
    $400 1
civic

Triple Stumper
    $400 2
"I Believe I Can Fly"

Mark
    $400 13
(Claudia: What is the Red Cross?)

Doctors Without Borders

TiombiClaudia
    $400 22
(Claudia: What is Mesozoic?)
...
(Alex: Less than a minute now, Claudia.)

Medieval

Claudia
Triple Stumper
    $800 8
(Jules) Verne

Mark
    $800 18
state lines

Tiombi
    $800 9
Xanax

Tiombi
    $800 3
"I Am A Rock"

Mark
    $800 14
Habitat for Humanity

Claudia
    $800 23
the Thames

Tiombi
    $1200 10
Nathanael West

Triple Stumper
    $1200 19
Leslie Mann

Claudia
    $1200 20
poop

Triple Stumper
    $1200 4
"I Was Here"

Mark
    $3,000 15
(Alex: Anything?)
(Claudia: I have no idea.)
(Alex: Who is the late [*]?)
(Claudia: Oh.)

Steve Irwin

Claudia
    $2,000 11
(Tiombi: Who is Peary?)

Sir Ernest Shackleton

Tiombi
    $1600 5
"I Am... I Said"

Mark
    $1600 16
(Claudia: What are canes?)

seeing eye dogs

ClaudiaMark
    $1600 26
[The end-of-round signal sounds.]

cod

Claudia
    $2000 12
Boston

Triple Stumper
    $2000 25
Horace Mann

Claudia
    $2000 6
"I Don't Like Mondays"

Triple Stumper
    $2000 21
foundlings

Claudia
    $2000 24
(Alex: [*] of the Earth.)

oscillation

Triple Stumper

Scores at the end of the Double Jeopardy! Round:

Tiombi Claudia Mark
$3,600 $9,800 $10,200

[wagering suggestions for these scores]

Final Jeopardy! Round responses

LANDMARKS
TiombiWhat is the Louvre?
$3,000
ClaudiaWhat is Notre Dame?
$2,000
MarkWhat is Notre Dame?
$9,800
the Panthéon

Final scores:

Tiombi Claudia Mark
$600 $7,800 $400
2nd place: $2,000 New champion: $7,800 3rd place: $1,000

Game dynamics:

Coryat scores:

Tiombi Claudia Mark
$5,600 $12,800 $10,200
9 R,
1 W
(including 1 DD)
21 R
(including 1 DD),
5 W
(including 1 DD)
14 R,
1 W

Combined Coryat: $28,600

The J! Archive is created by fans, for fans. The Jeopardy! game show and all elements thereof, including but not limited to copyright and trademark thereto, are the property of Jeopardy Productions, Inc. and are protected under law. This website is not affiliated with, sponsored by, or operated by Jeopardy Productions, Inc. Join the discussion at JBoard.tv.